10 lời khuyên khởi nghiệp : Các bước cơ bản để xây dựng thành công một doanh nghiệp

Với cuốn sách "10 lời khuyên khởi nghiệp", các bạn sẽ học về nghệ thuật khởi nghiệp bao gồm những kiến thức, kĩ năng, với " bí quyết doang nhân" giúp bạn hiểu thêm về những doanh nhân thành công, kinh nghiệm thành lập và...

詳細記述

保存先:
書誌詳細
第一著者: Woods, Caspian
フォーマット: 図書
言語:Undetermined
出版事項: Hà Nội Lao động 2016
主題:
タグ: タグ追加
タグなし, このレコードへの初めてのタグを付けませんか!
Thư viện lưu trữ: Trung tâm Học liệu Trường Đại học Cần Thơ
LEADER 01262nam a2200241Ia 4500
001 CTU_226695
008 210402s9999 xx 000 0 und d
020 |c 69000 
082 |a 658.11 
082 |b W894 
100 |a Woods, Caspian 
245 0 |a 10 lời khuyên khởi nghiệp : 
245 0 |b Các bước cơ bản để xây dựng thành công một doanh nghiệp 
245 0 |c Caspian Woods ; Thanh Hằng (dịch) 
260 |a Hà Nội 
260 |b Lao động 
260 |c 2016 
520 |a Với cuốn sách "10 lời khuyên khởi nghiệp", các bạn sẽ học về nghệ thuật khởi nghiệp bao gồm những kiến thức, kĩ năng, với " bí quyết doang nhân" giúp bạn hiểu thêm về những doanh nhân thành công, kinh nghiệm thành lập và phát triển một doanh, cùng một số bài tập đánh giá và những lời khuyên thiết thực về khởi nghiệp. 
650 |a New business enterprises,Doanh nghiệp mới kinh doanh 
650 |x Management,Quản trị 
904 |i Nhi 
910 |b dqhieu 
980 |a Trung tâm Học liệu Trường Đại học Cần Thơ